The Sundarbans: (Record no. 201856)

MARC details
000 -LEADER
fixed length control field 00745nam a22002417a 4500
005 - DATE AND TIME OF LATEST TRANSACTION
control field 20240408114804.0
010 ## - LCCN (DPL NO)
LC control number ENG-139990
020 ## - INTERNATIONAL STANDARD BOOK NUMBER
Terms of availability 800.00
International Standard Book Number 9789388489289
035 ## - SYSTEM CONTROL NUMBER
System control number EN-123522
037 ## - SOURCE OF ACQUISITION
Source of stock number/acquisition DBAD
082 ## - DEWEY DECIMAL CLASSIFICATION NUMBER
Classification number 639.9
Edition number 1
100 ## - MAIN ENTRY--PERSONAL NAME
Personal name Choudhury, Tanmay
245 ## - TITLE STATEMENT
Title The Sundarbans:
Remainder of title The Hinterland Of Wilderness/
Statement of responsibility, etc By Tanmay Choudhury
250 ## - EDITION STATEMENT
Edition statement 1
260 ## - PUBLICATION, DISTRIBUTION, ETC. (IMPRINT)
Place of publication, distribution, etc West Bengal
Name of publisher, distributor, etc Biswadip Ghosh
270 ## - ADDRESS
Address 13B Radhanath Mullick Lane
City Kolkata
Postal code 700012
300 ## - PHYSICAL DESCRIPTION
Extent 156p;
Dimensions 18(hb)
700 ## - ADDED ENTRY--PERSONAL NAME
Personal name Choudhury, Tanmay
9 (RLIN) 64103
710 ## - ADDED ENTRY--CORPORATE NAME
Corporate name or jurisdiction name as entry element Saha, Debashish [Art Director]
9 (RLIN) 64100
710 ## - ADDED ENTRY--CORPORATE NAME
Corporate name or jurisdiction name as entry element Lahiri , Debjani [Chief Editor]
9 (RLIN) 64101
710 ## - ADDED ENTRY--CORPORATE NAME
Corporate name or jurisdiction name as entry element Lahiri , D
9 (RLIN) 64104
942 ## - ADDED ENTRY ELEMENTS (KOHA)
Source of classification or shelving scheme Dewey Decimal Classification
Item type English Books
Classification part 639.9
Call number suffix CHO
Edition 1
Holdings
Withdrawn status Lost status Not for loan Collection code Home library Current library Date acquired Source of acquisition Cost, normal purchase price Full call number Barcode Copy number Cost, replacement price Koha item type
      Non-fiction Bawana Bawana 01/04/2024 DBAD 800.00 639.9 CHO EN-123522 1 800.00 English Books

© Delhi Public Library
Hit Counter
free hit counter